Miera využitia kontroly v práci manažérov

Manažéri majú veľa kompetencií a právomocí, ktoré vyplývajú z ich funkcií. Jednou z nich je aj právomoc kontrolovať svojich podriadených. Množstvo odbornej literatúry uvádza túto kompetenciu ako jeden z kľúčov k efektívnemu riadeniu práce podriadených. Manažér by mal vedieť, ako ho správne používať....

ver descrição completa

Na minha lista:
Detalhes bibliográficos
Autor principal: Paprskárová, Paulína
Outros Autores: Sochanič, Vladislav
Formato: Capítulo de Livro
Idioma:inglês
Assuntos:
Tags: Adicionar Tag
Sem tags, seja o primeiro a adicionar uma tag!

MARC

LEADER 00000naa$a2200000$$$4500
001 0259550
005 20240502083739.6
041 0 |a eng 
044 |a CZ 
245 1 0 |a Miera využitia kontroly v práci manažérov  |c Paulína Paprskárová, Vladislav Sochanič 
520 |a Manažéri majú veľa kompetencií a právomocí, ktoré vyplývajú z ich funkcií. Jednou z nich je aj právomoc kontrolovať svojich podriadených. Množstvo odbornej literatúry uvádza túto kompetenciu ako jeden z kľúčov k efektívnemu riadeniu práce podriadených. Manažér by mal vedieť, ako ho správne používať. Manažér by mal vedieť, ako ovládať svojich podriadených. Výsledky prieskumu, ktorého cieľom bolo zistiť súčasný stav kontroly zamestnancov zo strany manažérov. 
610 2 0 |a manažéri 
610 2 0 |a kompetencie manažérske 
610 2 0 |a kontrola 
610 2 0 |a zamestnanci 
610 2 0 |a prieskum 
100 1 |a Paprskárová, Paulína 
700 1 |a Sochanič, Vladislav